000 005610000a22001810004500
003 MACL
005 20160409171204.0
008 160409b xxu||||| |||| 00| 0 eng d
040 _aMACL
_cMACL
041 _aHindi
082 _a300
100 _aमल्लिका सेनगुप्‍त
_951534
245 _aस्‍त्रीलिंग निर्माण
260 _aगाजियाबाद
_bबाल साहित्‍य प्रकाशन
_c2011
350 _a350
650 _aSociology
_951535
942 _cHIN
_k300
_2ddc
999 _c47517
_d47517